[Event "Linares zt"]
[Site "Linares"]
[Date "1995.??.??"]
[Round "7"]
[White "Sadler, Matthew D"]
[Black "Gurevich, Mikhail"]
[Result "1/2-1/2"]
[WhiteElo "2575"]
[BlackElo "2585"]
[Annotator "Gurevich,M"]
[PlyCount "81"]
[EventDate "1995.11.??"]
[EventType "swiss"]
[EventRounds "11"]
[EventCountry "ESP"]
[SourceTitle "CBM 051"]
[Source "ChessBase"]
[SourceDate "1996.04.01"]
[SourceVersion "1"]
[SourceVersionDate "1996.04.01"]
[SourceQuality "1"]

1. d4 {Gagarin} Nf6 2. c4 e6 3. Nc3 Bb4 4. Qc2 O-O 5. a3 Bxc3+ 6. Qxc3 b6 7.
Bg5 Bb7 8. f3 h6 9. Bh4 d5 10. e3 Re8 11. cxd5 (11. Nh3 Nbd7 12. Bd3 c5 $13) (
11. Bd3 {Gagarin} Nbd7 12. cxd5 (12. Ne2 c5) 12... Nxd5 $1 (12... exd5 13. Ne2
c5 14. O-O $14) 13. Bxd8 Nxc3 14. Bxc7 Nd5 $44 {@/}) (11. Rc1 $5 {Gagarin})
11... exd5 12. O-O-O $6 {TN} (12. Bb5 c6 13. Ba4 b5 14. Bc2 c5 $1 15. Ne2 (15.
dxc5 d4) 15... c4 16. O-O a5 $132 {Timman,J-Hracek,Z Prague-m(01) 1995} (16...
a5 {Gagarin} 17. b4 Nc6 18. Rab1 axb4 19. axb4 Qe7 20. Bxf6 Qxe3+ 21. Qxe3 Rxe3
22. Nf4 gxf6 23. Nxd5 Re2 24. Be4 Raa2 $17 {Timman,J-Hracek,Z/Prague/1995/0:1/
33/})) 12... c5 $1 {[/\13...Nc6]} (12... Nbd7 13. Bd3 (13. Bb5 {Gagarin} c6 14.
Bd3 c5 15. dxc5 bxc5 $13) 13... c5 14. Ne2 Rc8 15. Kb1 $13 Rxe3 $2 16. Bxf6
Nxf6 17. Bh7+ $16) (12... Qe7 $5 {Gagarin} 13. Re1 c5 $13 {/\ Nc6/}) 13. dxc5 (
13. Kb1 cxd4 14. Qxd4 Nc6 15. Bxf6 Qxf6 $36) (13. Bb5 {Gagarin} cxd4 14. Qxd4 (
14. Rxd4 Nbd7 15. Bxf6 Nxf6 16. Bxe8 (16. Kb1 $15) 16... Rc8 17. Bb5 Rxc3+ 18.
bxc3 Qe7 19. Kb2 Qxe3 $15) 14... Re6 $13) 13... Nbd7 $1 (13... bxc5 {Gagarin}
14. Bb5 Re6 15. Qxc5 a6 16. Ba4 Nbd7 $44) 14. Bb5 Rc8 (14... Re6 $13 {Gagarin})
15. Kb1 (15. c6 Bxc6 16. Bxc6 Re6 17. Kb1 Rcxc6 18. Qd2 Qe8 $36) (15. Bxf6 $6 {
Gagarin} Nxf6 16. Bxe8 Rxc5 17. Qxc5 bxc5 18. Bb5 Qb6 $15) 15... Rxc5 (15...
Re6 $5 $13 {Gagarin /\ Rc5/}) 16. Bxf6 (16. Qb3 g5 $1 17. Bf2 Qc8 $1 $36 {
(/\18...Ba6)} 18. h4 g4 19. Ne2 $2 Rxb5 $1 20. Qxb5 Ba6 $17) (16. Qd3 {Gagarin}
Re6 $13) 16... Nxf6 17. Qd3 (17. Qb3 Re5 18. Ne2 (18. Nh3 Qe7 19. Rhe1 Bc8 $5
$36 (19... d4 20. exd4 Rxe1 21. dxc5 Bd5 22. Qd3 Rxd1+ 23. Qxd1 Qxc5 $15))
18... Qe7 $17 19. Rd3 a6 $19) 17... Re5 $1 18. Ne2 (18. Nh3 Qe7 19. Rhe1 Bc8 $1
(19... d4 20. exd4 Rxe1 21. dxc5 Rxd1+ 22. Qxd1 bxc5 $10) 20. g4 Nxg4 21. fxg4
Bxg4 $17) 18... Qe7 $2 (18... Ne8 $1 19. Nd4 (19. Bxe8 Qxe8 20. Nd4 Rxe3 $17)
19... Nd6 {(/\20...Nxb5 21.Nxb5 Ba6)} 20. Ba4 Nc4 21. Rhe1 (21. Bc2 g6 22. Rhe1
Qe7 $17) 21... g6 $36 {(/\22...Qe7)}) (18... a6 $6 {Gagarin} 19. Bxa6 (19. Ba4
$6 Qe7 20. Ng3 b5 21. Bc2 Rc6 $15) 19... Bxa6 20. Qxa6 Rxe3 21. Nd4 $14) 19.
Nd4 g6 (19... Rxe3 $2 20. Nf5 $18) 20. Rhe1 $14 (20. Rde1 $1 {(/\21.g4,22.
h4->>>)}) 20... h5 $5 (20... a5 $5 {Gagarin} 21. g4 Ne8 22. Nb3 Rc7 23. Rc1
Rxc1+ 24. Kxc1 Nc7 $15) 21. h4 $2 (21. g3 $5 $36 {(/\22.h3,23.g4)}) (21. g3 $5
{Gagarin /\ Qd2, f4 צe5/}) 21... Qd6 $1 {[/\22...Re7,23...Qg3<=>>>]} 22. Qe2 (
22. Nb3 {Gagarin} Rc7 23. Rc1 Ree7 24. Rxc7 Rxc7 25. Qd4 $10) 22... Re7 23. Qf2
$1 $10 Qe5 24. Re2 (24. Rc1 {Gagarin} a5 25. Bd3 Kg7 26. g3 Ne8 $10) 24... Kg7
25. Rde1 Rc8 26. Rc2 Rc5 27. Rec1 Rec7 28. Nb3 (28. Bd3 {Gagarin} Bc8 $10)
28... Rxc2 29. Rxc2 Rxc2 30. Kxc2 Bc8 $5 31. Nd4 Bd7 (31... Qh2 {Gagarin} 32.
Ne2 Bd7 $10) 32. Bf1 (32. Bd3 {Gagarin} Qh2 33. Ne2 Qc7+ 34. Kd2 Qe5 35. Nd4 a5
$10) 32... Kg8 (32... Ne8 $5 {(/\Ne8-d6-b7-c5)}) 33. b3 Ne8 34. Bd3 Nc7 35. Kb2
(35. g3 {Gagarin} Ne6 36. f4 Nxd4+ 37. exd4 Qe7 $10) 35... Ne6 36. Bc2 Kf8 37.
Bd3 $138 Qf6 38. Kc3 Qe7 39. Kb2 Qf6 (39... Kg7 {Gagarin} 40. g3 Qf6 41. Ka2
Nc5 42. Qe2 Ne6 43. Qf2 Nc5 $10) 40. Kc3 (40. f4 {Gagarin} Nxd4 41. exd4 Bf5
42. Bxf5 Qxf5 $10) 40... Qe5 41. Bc2 (41. Bc2 {Gagarin} a5 42. f4 Qf6 43. Kb2
Kg7 44. g3 Bb5 45. a4 Nxd4 $10) (41. f4 {Gagarin} Qf6 42. g3 Qe7 43. Nxe6+ Bxe6
$10) 1/2-1/2

[Event "Metz op 23rd"]
[Site "Metz"]
[Date "2005.04.21"]
[Round "6"]
[White "Gurevich, Mikhail"]
[Black "Cheparinov, Ivan"]
[Result "1/2-1/2"]
[WhiteElo "2630"]
[BlackElo "2621"]
[Annotator "Gurevich,M"]
[PlyCount "77"]
[EventDate "2005.04.16"]
[EventType "swiss"]
[EventRounds "9"]
[EventCountry "FRA"]
[SourceTitle "CBM 105 Extra"]
[Source "ChessBase"]
[SourceDate "2005.05.01"]
[SourceVersion "1"]
[SourceVersionDate "2005.05.01"]
[SourceQuality "1"]

1. d4 Nf6 2. c4 e6 3. Nc3 Bb4 4. Qc2 O-O 5. a3 Bxc3+ 6. Qxc3 b6 7. Bg5 Bb7 8.
e3 d6 9. Ne2 Nbd7 10. Qd3 Ba6 11. Nc3 d5 12. Qc2 Bxc4 13. Bxc4 dxc4 14. Qa4 c5
15. Rd1 $5 {TN} (15. Qxc4 cxd4 16. Qxd4 Nc5 (16... h6 17. Bh4 Qc7 (17... g5 18.
Bg3 Nc5 19. Rd1 (19. h4 Nfe4 20. Nxe4 Qxd4 21. exd4 Nxe4 22. Bh2 Rad8 23. hxg5
hxg5 24. Rc1 Kg7 25. f3 Nf6 {1/2-1/2 Onischuk,A-Grischuk,A/Poikovsky 2004/CBM
100 (25)}) 19... Qxd4 20. Rxd4 Rfd8 21. h4 Rxd4 22. exd4 Ncd7 23. hxg5 hxg5 24.
Ke2 Rc8 25. Kd3 $14 {1-0 Dreev,A-Timman,J/Reykjavik 2004/CBM 099 ext (40)}) 18.
O-O Rfc8 19. Rfd1 Qc4 $132 {1/2-1/2 Beliavsky,A-Grischuk,A/Tripoli 2004/CBM
102 (50)}) 17. Bxf6 Qxf6 18. Qxf6 gxf6 19. Ke2 Rfd8 20. Rhd1 Nb3 21. Rxd8+ Rxd8
22. Rd1 Rxd1 23. Kxd1 $14 {1-0 Flear,G-Wirig,A/Port Barcares FRA 2005/The Week
in Chess 549 (59)}) 15... cxd4 16. Rxd4 Qc7 $5 17. Qxc4 (17. Rxc4 Qe5 18. Bf4
Qf5 19. Bd6 (19. O-O Nc5 20. Qb5 e5 21. Bg3 Rad8 $132) 19... Ne5 $1 20. Bxe5
Qxe5 21. O-O a6 $132) 17... Qxc4 (17... Qb7 18. O-O Rac8 19. Qe2 Rc5 20. Bh4
$14) 18. Rxc4 Rfc8 19. Rxc8+ Rxc8 20. Ke2 Ne5 {[/\21...Nc4<=><<]} 21. Bxf6 $5
gxf6 22. Rc1 f5 23. h3 (23. f4 Ng4 24. h3 Nf6 25. Rd1 Kf8 $11) 23... h5 24. Na2
(24. f4 Nd7 25. Rd1 Nf6 $11) 24... Rxc1 25. Nxc1 Kf8 $5 $11 (25... Nc4 26. Nd3
e5 $6 27. b3 Nxa3 28. Nxe5 $16) 26. Kd2 Ke7 27. Ne2 Nd7 28. Nd4 (28. Nf4 Nf6
29. Kd3 Kd6 $11) 28... a6 29. Ne2 Kd6 30. Nf4 Nf6 31. f3 Kc5 32. Nd3+ Kd6 33.
Nb4 a5 34. Nd3 b5 35. Nf4 Kc5 36. b3 Kd6 37. Kd3 Kc5 38. Kd2 Kd6 39. Kd3
1/2-1/2

[Event "Lost Boys op"]
[Site "Amsterdam"]
[Date "2000.08.16"]
[Round "6"]
[White "Gurevich, Mikhail"]
[Black "Milov, Vadim"]
[Result "1-0"]
[WhiteElo "2667"]
[BlackElo "2626"]
[Annotator "Gurevich,M"]
[PlyCount "75"]
[EventDate "2000.08.05"]
[EventType "swiss"]
[EventRounds "9"]
[EventCountry "NED"]
[SourceTitle "CBM 077 Extra"]
[Source "ChessBase"]
[SourceDate "2000.09.14"]
[SourceVersion "1"]
[SourceVersionDate "2000.09.14"]
[SourceQuality "1"]

1. d4 Nf6 2. c4 e6 3. Nc3 Bb4 4. Qc2 O-O 5. a3 Bxc3+ 6. Qxc3 d6 7. Bg5 Nbd7 8.
e3 b6 9. Bd3 Ba6 10. Nf3 c5 11. d5 $5 {TN} (11. O-O cxd4 (11... Rc8 12. d5 exd5
13. cxd5 Bxd3 14. Qxd3 Qe7 15. Rad1 c4 16. Qd4 Qe4 17. Bf4 Qe7 18. Rfe1 Rfe8
19. h3 Ne5 $13 {1/2-1/2 Pelletier,Y-Palac,M/Lucerne 1997/CBM 62 (38)}) 12. exd4
Rc8 13. Qb4 d5 14. b3 dxc4 15. bxc4 Bb7 16. Be2 Qc7 17. Rac1 h6 18. Bh4 Nh5
$132 {1/2-1/2 Dao Thien Hai-Levitt,J/Calcutta 1998/CBM 62 ext (25)}) 11... exd5
12. cxd5 Bb7 $5 13. O-O-O (13. e4 $2 Qe8 $17) 13... Qe8 (13... Bxd5 $2 14.
Bxh7+ $16 Kxh7 15. Rxd5 Nxd5 16. Qd3+ $18) 14. Qc4 $5 {[/\15.Qh4->>>]} (14. Qc2
h6 15. Bf4 Qe7 16. e4 c4 $1 $17) 14... Bxd5 15. Qf4 $1 Be4 (15... Bb3 $5 16.
Bb5 $5 Bxd1 17. Bxf6 $36 Bxf3 18. Qg5 Nxf6 $1 19. Bxe8 Ne4 20. Qf5 $13) 16.
Qxd6 Bxd3 17. Rxd3 c4 $6 (17... Rc8 18. Rhd1 c4 19. Rc3 $14) 18. Rd4 Rc8 19. e4
$5 {[/\20.e5]} h6 (19... c3 20. e5 Nc5 (20... cxb2+ 21. Kb1 $18) 21. exf6 Nb3+
(21... Qe2 22. bxc3 Ne4 23. Qb4 $16) 22. Kb1 Nxd4 23. fxg7 Qe4+ 24. Ka2 Rfe8
25. Qxd4 $16) (19... h6 {[#]}) 20. Bxh6 $1 Nc5 (20... gxh6 21. e5 Nc5 22. exf6
Nb3+ 23. Kb1 Nxd4 24. Qg3+) 21. Bxg7 $1 Nb3+ (21... Kxg7 22. Qg3+ Kh8 23. Qh4+
Kg8 (23... Nh7 24. Ng5) 24. Qg5+ Kh7 25. Qxf6 Nb3+ 26. Kb1 Nxd4 27. Ng5+ Kg8
28. Qh6 $18) 22. Kb1 Nxd4 23. Qxf6 $16 Qxe4+ 24. Ka2 Nxf3 25. Bxf8 Rxf8 26.
gxf3 Qg6 27. Qc3 b5 28. Rd1 {[/\ Rd1-d4-g4 ->]} Qg7 29. Rd4 f5 30. Qd2 Rf7 31.
Rd8+ Kh7 32. Qf4 Rf6 33. Qd4 Kg6 34. Kb1 $5 Qe7 $138 35. Rg8+ Kf7 36. Ra8 Rd6
37. Qh8 Qd7 $2 38. Rxa7 1-0

[Event "Linares zt"]
[Site "Linares"]
[Date "1995.??.??"]
[Round "6"]
[White "Gurevich, Mikhail"]
[Black "Garcia Ilundain, David"]
[Result "1-0"]
[WhiteElo "2585"]
[BlackElo "2510"]
[Annotator "Gurevich,M"]
[PlyCount "63"]
[EventDate "1995.11.??"]
[EventType "swiss"]
[EventRounds "11"]
[EventCountry "ESP"]
[SourceTitle "CBM 051"]
[Source "ChessBase"]
[SourceDate "1996.04.01"]
[SourceVersion "1"]
[SourceVersionDate "1996.04.01"]
[SourceQuality "1"]

1. d4 {Gagarin} Nf6 2. c4 e6 3. Nc3 Bb4 4. Qc2 O-O 5. a3 Bxc3+ 6. Qxc3 b6 7.
Bg5 Bb7 8. f3 h6 9. Bh4 d5 10. e3 Nbd7 11. cxd5 Nxd5 12. Bxd8 Nxc3 13. Bh4 (13.
Bxc7 {Gagarin} Nd5 14. Bd6 Nxe3 $10) (13. Be7 {Gagarin} Rfe8 14. Bb4 Nd5 $10)
13... Nd5 14. Bf2 f5 (14... Rfc8 $5 {Gagarin} 15. e4 Ne7 16. Bb5 $5 c6 17. Ba4
b5 18. Bb3 c5 19. Ne2 c4 20. Bc2 a5 21. Kd2 $1 $14 {Gurevich,M-Onischuk,Al/
Philadelphia/1994/0,5/56/}) (14... c5 {Gagarin} 15. e4 Ne7 (15... Nf4 16. Bb5
Nf6 (16... Rfd8 $5) 17. Ne2 Nxe2 18. Kxe2 cxd4 19. Bxd4 $14 {Gurevich,M-Van
der Wiel,J/Antwerpen/1993/0,5/42/}) 16. Bb5 Nc6 17. Ne2 Rfc8 18. O-O cxd4 19.
Nxd4 Nc5 20. Nxc6 $10 {Gurevich,M-Polugaevsky,L/New York/1989/0,5/20/}) 15. Bb5
(15. Bc4 Rac8 16. Ne2 c5 17. Bb5 Rf7 18. O-O a6 19. Bd3 b5 20. Rac1 c4 21. Bc2
e5 22. dxe5 Nxe5 23. Rfd1 Re8 24. Nc3 $14 {Gurevich,M-Karpov,An/Linares/1991/0,
5/47/}) (15. Bd3 e5 $132) 15... c6 16. Ba4 (16. Bd3 $5 {Gagarin} e5 17. Ne2
Rae8 18. O-O $14 {Alterman,B-Psakhis,L/ISR(ch)/1994/0,5/52/}) 16... Rfd8 $5 {
TN [/\17...c5,18...Rac8<=>[+]]} (16... e5 $1 {Gagarin} 17. Ne2 Rae8 18. O-O-O
e4 19. Nc3 Nxc3 $1 (19... N7f6 20. Rhe1 Rc8 $5 21. Nxd5 cxd5+ 22. Kd2 Bc6 $10 {
Lautier,J-Timman,J/Wijk aan Zee (m/8)/0,5/85/}) 20. bxc3 {Ahlander,B-Almasi,Z/
Malmo/1994/0,5/30/} exf3 $1 21. gxf3 b5 22. Bb3+ Kh8 $15 {Almasi/}) (16... b5
$2 {Gagarin} 17. Bc2 b4 18. Ne2 bxa3 19. Rxa3 N7b6 20. Bb3 a5 21. Kd2 $1 $16 {
Lautier,J-Timman,J/Wijk aan Zee (m/6)/1994/0,5/59/}) 17. Ne2 c5 18. O-O-O $5 (
18. Bxd7 Rxd7 19. dxc5 bxc5 20. Rc1 Rc8 $10 {(/\21...c4<=><<)}) (18. O-O $5 {
Gagarin} Ba6 19. Rfe1 cxd4 (19... N7f6 20. dxc5 bxc5 21. Rac1 $14 (21. Nf4 $5
$14)) (19... Rac8 20. Rac1 $14) (19... Bxe2 20. Rxe2 cxd4 21. exd4 $14) 20.
Nxd4 Nc5 21. Bc2 $14) 18... Rac8 19. Kb1 g6 $1 {[/\20...cxd4 21.Nxd4 Nc5 22.
Bc2 e5<=>[+]]} (19... cxd4 20. Nxd4 Nc5 21. Bc2 $14) (19... Ba6 {Gagarin} 20.
Rhe1 $14 (20. Nf4 $5 $14)) 20. Rhe1 {^^_|_/} cxd4 21. Nxd4 (21. exd4 {/\ ><e6/}
Kf7 $10 (21... N7f6 {Gagarin} 22. Bb3 Kg7 23. Bg3 g5 $1 $10 {/\ Ne3/} (23...
Ne3 $2 24. Nf4 $1 Nxd1 25. Nxe6+ Kg8 26. Nxd8+ Bd5 27. Bxd1 Rxd8 28. Re7 $18)))
21... Nc5 22. Bc2 e5 $10 23. Ne2 $6 (23. Nb3 $5 {/\ e4/} Ne6 $6 (23... Na4 $5)
(23... e4 24. Nxc5 (24. Bg3 {Gagarin} exf3 25. gxf3 Ne6 26. e4 fxe4 27. Bxe4
$14 {|^/}) 24... Rxc5 25. fxe4 fxe4 26. Rd4 $14) (23... Na4 $6 24. Bg3 f4 25.
exf4 exf4 26. Bf2 Ndc3+ 27. bxc3 Nxc3+ 28. Kb2 Nxd1+ 29. Bxd1 $14) 24. e4 fxe4
25. Rxe4 $1 (25. Bxe4 Nef4 26. g3 Nh3 27. Be3 Kg7 $10) 25... Nef4 26. Rxe5 (26.
g3) 26... Nxg2 27. Rg1 (27. Bxg6 $2 Nc3+) 27... Ndf4 28. Bxg6 Bxf3 29. Be4
Bxe4+ (29... Rd1+ 30. Rxd1 Bxd1 31. Nd4 $14) 30. Rxe4 $16) 23... Ba6 $1 {
[/\24...e4,25...Bd3]} (23... e4 $5 {Gagarin} 24. Nd4 (24. b4 exf3 25. gxf3 Ne6
26. Rg1 Kf7 $13 {/\ Ng5 ><f3/}) 24... Ba6 $132 {/\ Nd3/}) 24. Nc1 (24. e4 fxe4
25. fxe4 Nf6 26. Nc3 Nd3 $132) 24... Kg7 $5 {[/\25...Kf6]} (24... e4 25. Bg3 $5
$14 {(/\26.Be5,27.b4)}) (24... Nf6 $5 {Gagarin} 25. Bg3 e4 26. Rxd8+ Rxd8 27.
Be5 Kf7 $14) 25. Bh4 $5 (25. e4 $5 {Gagarin} fxe4 26. Bxc5 $14 {/\ Be4/}) 25...
Rd7 (25... g5 $6 26. Bxf5 Nxe3 (26... gxh4 27. Bxc8 Bxc8 28. e4 $18) 27. Rxd8 (
27. Bxc8 Rxd1 28. Rxd1 Bxc8 $17) 27... Rxd8 28. Rxe3 gxh4 29. Rxe5 Kf6 30. f4
Rd2 $44) (25... Nf6 {Gagarin} 26. Bg3 e4 27. Be5 $14) 26. e4 fxe4 27. Bxe4 (27.
fxe4 Nf4 $132) 27... Bc4 (27... Nf4 $5 28. Rxd7+ Nxd7 29. Bg3 (29. Rd1 {Gagarin
} Nc5 $14) 29... Nc5 (29... Nxg2 30. Rg1 Ne3 31. Bf2 $16) 30. Bc2 Kf6 31. Rd1
$36) 28. Bc2 (28. Bxd5 Bxd5 (28... Rxd5 29. Rxd5 Bxd5 30. Rxe5 $16) 29. Rxe5 (
29. Bg3 e4 $10) 29... Be4+ $19) 28... Re8 (28... Nf4 $5 {Gagarin} 29. Rxd7+ (
29. Rxe5 Rxd1 30. Bxd1 Nxg2 31. Bg3 $14) 29... Nxd7 30. Rd1 Be6 $14) 29. Ka1 $1
{[/\30.b4,31.Kb2]} (29. Bf2 Nf4 (29... Rc7 30. Bd4 Kf6 $14) 30. Rxd7+ Nxd7 31.
g3 $14) (29. b4 $2 Nc3+ $19) (29. Bg3 {Gagarin} Rde7 $14) 29... g5 $6 $138 (
29... Nf4 30. Rxd7+ Nxd7 31. Rd1 Nf6 $10 (31... Nf8 $14 {Gagarin})) 30. Bf2 Kf6
$2 (30... Nf6 {Gagarin} 31. Rxd7+ Ncxd7 $16 {^^ ><e5/}) 31. Bxc5 bxc5 32. Ba4
1-0

[Event "Ghent op 20th"]
[Site "Ghent"]
[Date "1997.??.??"]
[Round "7"]
[White "Gurevich, Mikhail"]
[Black "Johansen, Darryl Keith"]
[Result "1-0"]
[WhiteElo "2585"]
[BlackElo "2500"]
[Annotator "Gurevich,M"]
[PlyCount "111"]
[EventDate "1997.??.??"]
[EventType "swiss"]
[EventRounds "9"]
[EventCountry "BEL"]
[SourceTitle "CBM 060"]
[Source "ChessBase"]
[SourceDate "1997.09.29"]
[SourceVersion "1"]
[SourceVersionDate "1997.09.29"]
[SourceQuality "1"]

1. d4 Nf6 2. c4 e6 3. Nc3 Bb4 4. Qc2 O-O 5. a3 Bxc3+ 6. Qxc3 b6 7. Bg5 Ba6 8.
e3 d6 9. Bd3 Nbd7 10. Ne2 c5 11. Qc2 $5 {TN} (11. b4 h6 12. Bh4 cxd4 13. exd4
Rc8 14. Qb3 e5 15. b5 (15. Rc1 e4 16. Bb1 d5 17. b5 dxc4 18. Rxc4 Rxc4 19. Qxc4
Bb7 $132 {0-1 Pedersen,S-Aagaard,J/London Drury Lane (8) 1997 (66)}) 15... Bb7
16. O-O exd4 17. Nxd4 d5 18. Nf5 {1-0 Baburin,A-Wirthensohn,H/Grand-Prix
Suisse (1) 1993 (33)} Nc5 $5 19. Qc3 d4 $132) (11. Qb3 Qc8 12. Rc1 Qb7 13. O-O
cxd4 14. exd4 d5 15. cxd5 Nxd5 {1/2-1/2 Arlandi,E-Hellsten,J/Erevan Olm (2)
1996 (24)}) 11... h6 12. Bh4 cxd4 13. exd4 d5 (13... Rc8 14. Qa4 Bb7 15. O-O
$14) 14. cxd5 (14. b3 Rc8 $132 15. O-O $2 dxc4 16. bxc4 Bxc4 17. Bxc4 b5 $17)
14... Rc8 15. Qb3 Bxd3 16. Qxd3 exd5 17. O-O Qc7 18. Rac1 Qb7 19. Nc3 $14 a6 {
[/\b6-b5-b4]} 20. a4 $1 {[/\a6]} Rfe8 21. Rfe1 Rxe1+ (21... Ne4 $5 22. f3 $5 (
22. Nxe4 Rxe4 $132) 22... Nxc3 23. Rxe8+ Rxe8 24. Qxc3 $14) 22. Rxe1 Re8 23.
Rxe8+ Nxe8 24. Qe2 Nef6 25. f3 $5 {[/\26.g4,Bg3,h2-h4 |^>>]} (25. Qe7 $6 Qc6
$11 {(/\26...Qe6)}) 25... Qc8 26. g4 Qb7 (26... Qc4 27. Qxc4 dxc4 28. Kf2 Kf8
29. Ke3 $16 {(/\30.d5, 31.Ke4)}) 27. Kg2 Qc8 28. Kf1 (28. Bg3 Nf8 29. Be5 Ng6
$132) 28... Qb7 29. Kg1 Qc8 30. Kg2 Qb7 31. Kf2 Qc8 32. Ke1 $1 {[/\33.Kd1,34.
Bg3,h2-h4|^>>]} Qb7 33. Kd1 Qc8 34. Bg3 Qb7 35. h4 Nf8 36. g5 hxg5 37. hxg5
N6d7 (37... N6h7 38. f4 Ne6 39. Qe5 $16) 38. f4 Ne6 39. Qe3 $5 {[/\40.f5]} (39.
Qf3 Nxd4 40. Qxd5 Qxd5 41. Nxd5 b5 $14 {(/\Kg8-h7-g6<=>>>)}) 39... g6 40. Qf3
Nxd4 41. Qxd5 Qxd5 42. Nxd5 $14 {[><a6,b6,Kg8]} Ne6 43. Bf2 Kf8 (43... f6 $1
44. Be3 (44. gxf6 Kf7 $11 45. Bh4 Nec5 $132) 44... fxg5 45. fxg5 Kf7 46. b4 b5
47. a5 (47. axb5 axb5 48. Nc3 Ne5 49. Nxb5 Nd3 50. Nd6+ Ke7 $11) 47... Ne5 48.
Ke2 Ke8 $11) 44. Ke2 Ke8 45. Kf3 {[/\46.Nxb6]} b5 (45... Nec5 46. Nxb6 Nxb6 47.
Bxc5 Nxa4 48. Bd4 $18) 46. axb5 axb5 47. Ke4 $16 Ndc5+ 48. Bxc5 Nxc5+ 49. Kd4
Ne6+ 50. Ke5 Kd7 51. Nb4 $5 {[/\Nd3,b2-b4]} (51. Kf6 Ke8 52. f5 gxf5 53. g6 Kf8
54. Nb6 (54. gxf7 Nd8 $11) 54... Nc5 $11) 51... Nc5 52. Kd5 Ne6 53. Nd3 Kc7 $2
(53... Ke7 54. Ke5 $16 (54. b4 $2 f6 $11)) 54. b4 $18 Kb6 (54... Kd7 55. Nc5+
Ke7 (55... Nxc5 56. Kxc5 $18) 56. Nxe6 fxe6+ 57. Ke5 $18) 55. Kd6 Nd4 56. Ke7
1-0

[Event "ESP-chT"]
[Site "Lanzarote"]
[Date "2003.05.07"]
[Round "2.1"]
[White "Gurevich, Mikhail"]
[Black "Kolev, Atanas"]
[Result "1-0"]
[WhiteElo "2635"]
[BlackElo "2556"]
[Annotator "Gurevich,M"]
[PlyCount "57"]
[EventDate "2003.05.06"]
[EventType "team"]
[EventRounds "9"]
[EventCountry "ESP"]
[SourceTitle "CBM 094 Extra"]
[Source "ChessBase"]
[SourceDate "2003.07.09"]
[SourceVersion "2"]
[SourceVersionDate "2003.07.09"]
[SourceQuality "1"]
[WhiteTeam "La Caja de Canarias"]
[BlackTeam "Alzira Hiraturas"]
[WhiteTeamCountry "ESP"]
[BlackTeamCountry "ESP"]

1. d4 Nf6 2. c4 e6 3. Nc3 Bb4 4. Qc2 O-O 5. a3 Bxc3+ 6. Qxc3 b6 7. Bg5 Bb7 8.
f3 d6 9. Nh3 (9. e4 {1-0 Van Wely,L-Kramnik,V/Wijk aan Zee NED 2003/The Week
in Chess 429 (49) -86/494}) 9... Nbd7 (9... h6 $5 10. Bh4 Nbd7 11. e3 c5 12.
dxc5 bxc5 13. Be2 a5 14. O-O a4 15. Rfd1 Ra6 16. Bg3 Qe7 17. Qd2 e5 18. Qc2 Nh5
19. Be1 f5 20. Bc3 g5 21. Nf2 Ng7 22. b4 axb3 23. Qxb3 Bc6 24. a4 f4 25. exf4
gxf4 26. Bd3 {1/2-1/2 Illescas,M-Kolev,A/Lanzarote - Canarias 2003 (26)}) 10.
e4 c5 (10... h6 11. Be3 c5 12. O-O-O {1-0 Gurevich,M-Epishin,V/Hoogeveen NED
2001/The Week in Chess 363 (88)}) 11. Rd1 $5 {TN} (11. d5 exd5 12. cxd5 a6 13.
Be2 h6 14. Be3 Qe7 15. Rd1 Rae8 16. Kf2 Ne5 17. Qc1 Neg4+ 18. fxg4 Nxe4+ 19.
Kg1 Nf6 20. Kf2 Ne4+ 21. Kg1 Nf6 22. Kf2 Nxd5 23. Rxd5 Bxd5 $17 {0-1 Dziuba,
M-Azarov,S/Nakhchivan AZE 2003/The Week in Chess 451 (64)}) 11... h6 12. Be3 (
12. Bh4 $2 Nxe4 $17) 12... Qc7 (12... cxd4 13. Qxd4 Ne8 (13... d5 14. cxd5 exd5
15. e5 $16) 14. Be2 $14) 13. Be2 Rac8 14. d5 $14 b5 $5 15. dxe6 fxe6 16. Nf4 $5
Rfe8 17. O-O $5 (17. cxb5 d5 $132) 17... Nb6 (17... bxc4 18. Bxc4 Nf8 19. Rd3
$16) (17... Nb6 {[#]}) 18. Qd2 $1 (18. cxb5 d5 $132) 18... d5 (18... Nxc4 19.
Bxc4 bxc4 20. Qxd6 $16) (18... Rcd8 19. cxb5 d5 20. Qc2 $16) 19. cxd5 exd5 20.
Bxb5 $16 dxe4 (20... Re7 21. exd5 Nbxd5 22. Bc4 Rd8 23. Qf2 $16) 21. Bxe8 Rxe8
22. fxe4 Nc4 23. Qc3 Rxe4 (23... Nxe3 24. Qxe3 Rxe4 25. Qg3 $18) 24. Bc1 $18
Qc6 25. Rd8+ Kh7 26. Qc2 Qb6 27. Rdd1 Kg8 28. Nd5 $1 Qe6 (28... Bxd5 29. Rxd5
Qe6 30. Rxc5 $18) 29. Rxf6 $1 (29. Rxf6 gxf6 30. Qxe4 Qxe4 31. Nxf6+) 1-0

[Event "Korinthos op 2nd"]
[Site "Korinthos"]
[Date "1998.07.26"]
[Round "7"]
[White "Gurevich, Mikhail"]
[Black "Dgebuadze, Alexandre"]
[Result "1-0"]
[WhiteElo "2635"]
[BlackElo "2470"]
[Annotator "Gurevich,M"]
[PlyCount "95"]
[EventDate "1998.07.20"]
[EventType "swiss"]
[EventRounds "9"]
[EventCountry "GRE"]
[SourceTitle "CBM 066"]
[Source "ChessBase"]
[SourceDate "1998.09.30"]
[SourceVersion "1"]
[SourceVersionDate "1998.09.30"]
[SourceQuality "1"]

1. d4 Nf6 2. c4 e6 3. Nc3 Bb4 4. Qc2 O-O 5. a3 Bxc3+ 6. Qxc3 b6 7. Bg5 Bb7 8.
f3 d6 9. e4 c5 10. d5 Nbd7 11. Qc2 $5 {TN} (11. Nh3) 11... exd5 12. cxd5 b5 $1
13. Nh3 h6 14. Bf4 Qb6 15. Be2 c4 $6 (15... a5 $5 16. O-O b4 $1 $13 {with idea
17...Ba6}) 16. Qc3 (16. Qd2 Nc5 17. Be3 Nb3 18. Qc3 (18. Bxb6 Nxd2 19. Kxd2
axb6 $13) 18... Qa5 19. Qxa5 Nxa5 20. Bd1 $14) 16... Rfe8 17. Rd1 (17. Be3 Nxd5
$17) 17... a5 (17... Nxe4 $5 18. fxe4 Rxe4 19. Qg3 Rae8 20. Rd2 Kh8 $13) 18.
Be3 Qd8 19. O-O Qe7 20. Bd4 Ne5 21. Nf2 $14 Ng6 22. Rfe1 (22. Bxf6 Qxf6 23.
Qxf6 gxf6 24. Rfe1 $14) 22... Nf4 23. Bf1 N6h5 24. g3 (24. b3 $1 $16) 24... Qg5
25. Ng4 f5 $5 (25... Ng6 26. b3 $16) 26. gxf4 Nxf4 27. exf5 $1 (27. h4 Qxh4 28.
Nh2 Qg5+ 29. Kh1 fxe4 30. fxe4 Rxe4 31. Rxe4 Bxd5 32. Rde1 Rf8 $1 $13) 27... h5
28. h4 Qxh4 29. Nh2 Qg3+ 30. Kh1 Bxd5 31. Re3 $1 Nd3 32. Rexd3 (32. Qd2 $1 $16
Nf2+ 33. Qxf2 Qxf2 34. Rxe8+ Rxe8 35. Bxf2 $18) 32... cxd3 33. Qxd3 $16 Bc4 34.
Qd2 Bb3 35. Ra1 Rac8 36. Bd3 Qh4 (36... Bd5 37. Rg1 Bxf3+ 38. Nxf3 Qxf3+ 39.
Kh2 Rc7 40. f6 $40) 37. Bf2 Qf6 38. Rg1 Bc4 39. Be4 $138 (39. Rg6 Qe5 40. f6
Bxd3 41. Rxg7+ Kf8 42. Qh6 $18) 39... Rxe4 40. fxe4 Qe5 41. Qd4 Qxd4 42. Bxd4
$18 Bd3 43. Rxg7+ Kf8 44. f6 Bxe4+ 45. Kg1 Rc4 46. Be3 d5 47. Bh6 Ke8 48. Re7+
(48. Re7+ Kd8 49. Rxe4 $1 Rxe4 50. f7) 1-0